Специфични артикулационни нарушения през детството (Запис номер 157558)
[ съкратено ]
| 000 -Лидер | |
|---|---|
| Контролно поле с фиксирана дължина | 01756nam a2200433 c 4500 |
| 003 - Код на организацията, давaща контролен номер | |
| Контролно поле | BLK |
| 005 - Дата и час на последна редакция | |
| Контролно поле | 20241130150146.0 |
| 008 - Елементи от данни с фиксирана дължина | |
| fixed length control field | 180410b bul|||||r ||||||| ||bul|| |
| 010 ## - Наследен системен номер | |
| LC control number | KNG00164505000 |
| 020 ## - Международен стандартен номер на книга ISBN | |
| Международен стандартен номер на книга ISBN | 978-954-535-753-4 |
| 040 ## - Източник на каталожния запис | |
| Идентификатор на билиотеката - собственик на записа | BLK |
| 041 ## - Код за език | |
| Код за езика на текст/звукозапис или на отделно заглавие | Български |
| Код за езика КДБФ | Български |
| 072 #7 - Код за тематичната категория | |
| Код организация | bullib |
| Код за тематична категория | Н61 |
| Текст | Медицина Н |
| 080 ## - УДК | |
| УДК код - определител по УДК | 376.3 |
| УДК определител | (075.8) |
| УДК - код + определител | 376.3(075.8) |
| 100 1# - Редна дума - Автор | |
| Автор | Тодорова, Екатерина Въткова |
| Авторска отговорност | първи автор |
| R(LIN) | 297380 |
| 139 ## - Редно поле | |
| Редна дума | Тодорова, Екатерина Въткова |
| Авторски знак | Тодо - Т 64 |
| 245 10 - Сведения за заглавието | |
| Заглавие | Специфични артикулационни нарушения през детството |
| Редно поле (дума) | Екатерина Тодорова; предг. Живка Винарова; науч. ред. Ваня Матанова. |
| 257 ## - Страна на издаване | |
| Страна на създаване/издаване | България |
| 260 ## - Област на издателските данни | |
| Място на издаване, разпространение и проч. | София |
| Име на издателя, разпространителя и проч. | Нов бълг. унив. |
| Година на издаване | 2013 |
| Печатница | София : Планета 3 |
| 300 ## - Физическа характеристика | |
| Страници | 224 с. |
| Илюстрации и др. | с табл. |
| Размери/Мащаб | 21 см |
| 380 ## - Жанр | |
| Жанр | Обществени науки |
| 500 ## - Общи забележки | |
| Забележка | Терминологичен речник: с. 217-223. - Библиогр.: с. 205-216. |
| 650 #4 - Допълнително описание по предмет – тема | |
| Основно описание – тема или топоним | Говор - при децата |
| 9 (RLIN) | 246134 |
| 650 #4 - Допълнително описание по предмет – тема | |
| Основно описание – тема или топоним | Артикулация - при децата |
| 9 (RLIN) | 147402 |
| 653 ## - Ключова дума – ненормативна | |
| Ключова дума | говор |
| 653 ## - Ключова дума – ненормативна | |
| Ключова дума | артикулация |
| 653 ## - Ключова дума – ненормативна | |
| Ключова дума | деца |
| 653 ## - Ключова дума – ненормативна | |
| Ключова дума | логопедия |
| 659 ## - Тематичен бюлетин | |
| Тематичен бюлетин | Н |
| 700 1# - Други автори (авторска отговорност) | |
| Лично име | Винарова, Живка Бориславова |
| Автороска отговорност (Описва отношението между автора и произведението) | предг. от |
| 9 (RLIN) | 381367 |
| 700 1# - Други автори (авторска отговорност) | |
| Лично име | Матанова, Ваня Лукова |
| Автороска отговорност (Описва отношението между автора и произведението) | науч. ред. |
| 9 (RLIN) | 381368 |
| 852 ## - Местоположение | |
| Форматна сигнатура | Цб 270513 |
| 856 4# - Електронен адрес и достъп | |
| Електронен формат | pdf - файл |
| 856 4# - Електронен адрес и достъп | |
| Електронен формат | pdf - файл |
| 999 ## - СИСТЕМНИ КОНТРОЛНИ НОМЕРА | |
| Koha biblionumber | 157558 |
| Koha biblioitemnumber | 157558 |
| 942 ## - АРТИКУЛИ | |
| Вид на библиотечния материал | Книги |
| Скрит в OPAC | Не |
| Периодичен библиозапис | Да |
| Koha issues (borrowed), all copies | 4 |
| 944 ## - СЪЗДАВАНЕ И РЕДАКЦИЯ на ЗАПИСА | |
| Създаване/Редакция | Създаване |
| Дата на регистрацията/редакция | 01.09.2014 |
| Служител, извършил регистрацията/редакцията | 30563 |
| Статус, дата на статуса | Ивелин Русев |
| 944 ## - СЪЗДАВАНЕ И РЕДАКЦИЯ на ЗАПИСА | |
| Създаване/Редакция | Редакция |
| Дата на регистрацията/редакция | 23.04.2015 |
| Служител, извършил регистрацията/редакцията | Геновева_Генчева |
| 999 ## - СИСТЕМНИ КОНТРОЛНИ НОМЕРА | |
| Koha biblioitemnumber | 157558 |
| Код за отписване | Код за изгубен артикул | Код за повреда | Коз за рестрикции | Код за отдаване | Артикулен № | Име на библиотеката - собственик | Име на библиотеката, в която се намира в момента | Статус (Текущо местоположение) | Дата на вписване в системата | Местоположение - отдел | Цена в лева | Инвентарен номер | Систематично азбучна сигнатура | Баркод | Номер на екземпляра | Цена в евро | Служебна бележка | Служебен тип на артикула | Източник на класификационната схема |
|---|---|---|---|---|---|---|---|---|---|---|---|---|---|---|---|---|---|---|---|
| Не е изгубен | Не е повреден | без рестрикции | ползва се в читалня | 263896 | Регионална библиотека "Любен Каравелов" Русе | Регионална библиотека "Любен Каравелов" Русе | Хранилище | 2014-09-04 | Хранилище | 12.00 | 120000780196 | Цб 270513 | 120000780196 | 1 | 6.14 | Дост: Dp Вид: Д N: 47 Дата: 18.11.2013 | Книги | ||
| Не е изгубен | Не е повреден | без рестрикции | заемане за дома | 804157 | Регионална библиотека "Любен Каравелов" Русе | Регионална библиотека "Любен Каравелов" Русе | Заемна - подръчен фонд | 2020-10-28 | Заемна - подръчен фонд | 10.20 | 376/Т 64 Е | 120000849486 | 5.22 | Книги | Universal Decimal Classification | ||||
| Не е изгубен | Не е повреден | без рестрикции | заемане за дома | 804158 | Регионална библиотека "Любен Каравелов" Русе | Регионална библиотека "Любен Каравелов" Русе | Заемна - подръчен фонд | 2020-10-28 | Заемна - подръчен фонд | 10.20 | 376/Т 64 Е | 120000849487 | 5.22 | Книги | Universal Decimal Classification |